000 00460nam a22001577a 4500
005 20251108171129.0
008 250721s9999 xx 000 0 ara d
082 1 4 _a210/محم
100 1 _aالمبارك، محمد
245 1 0 _aنحو إنسانية سعيدة أو حلقات من نظام الإسلام /
264 1 _aعمان :
_bدار الفكر،
_c[19-].
300 _a230 ص
650 1 7 _aالإسلام
942 _2ddc
_cBK
999 _c57361
_d57361